<?xml version="1.0" encoding="UTF-8"?>
<collection xmlns="http://www.loc.gov/MARC21/slim">
 <record>
  <leader>00775nam a22002175a 4500</leader>
  <controlfield tag="001">EUN.um069699</controlfield>
  <controlfield tag="008">041125s2002####ag#a##########000#0#spa#d</controlfield>
  <controlfield tag="005">20260226112219.0</controlfield>
  <datafield tag="245" ind1="1" ind2="0">
   <subfield code="a">Parasitofauna del pejerrey, Odonthestes argentinensis -Valenciennes, 1835-Pisces: Atherinidae-, en el estuario de Bahía Blanca /</subfield>
   <subfield code="c">Universidad Nacional del Sur. Cristina Sanhueza.</subfield>
  </datafield>
  <datafield tag="260" ind1=" " ind2=" ">
   <subfield code="a">Bahía Blanca :</subfield>
   <subfield code="b">Universidad Nacional del Sur,</subfield>
   <subfield code="c">2002.</subfield>
  </datafield>
  <datafield tag="300" ind1=" " ind2=" ">
   <subfield code="a">64 p. :</subfield>
   <subfield code="b">il. ;</subfield>
   <subfield code="c">29,5 cm..</subfield>
  </datafield>
  <datafield tag="490" ind1="0" ind2=" ">
   <subfield code="a">Tesina</subfield>
  </datafield>
  <datafield tag="100" ind1="1" ind2=" ">
   <subfield code="a">Sanhueza, Cristina.</subfield>
  </datafield>
  <datafield tag="110" ind1="2" ind2=" ">
   <subfield code="a">Universidad Nacional del Sur</subfield>
   <subfield code="c">Bahía Blanca.</subfield>
  </datafield>
  <datafield tag="082" ind1="0" ind2="4">
   <subfield code="a">591.5</subfield>
  </datafield>
  <datafield tag="082" ind1="0" ind2="4">
   <subfield code="a">597</subfield>
  </datafield>
  <datafield tag="653" ind1=" " ind2=" ">
   <subfield code="a">Peces</subfield>
  </datafield>
  <datafield tag="653" ind1=" " ind2=" ">
   <subfield code="a">Pejerrey</subfield>
  </datafield>
  <datafield tag="653" ind1=" " ind2=" ">
   <subfield code="a">Uns</subfield>
  </datafield>
  <datafield tag="653" ind1=" " ind2=" ">
   <subfield code="a">Tesinas</subfield>
  </datafield>
  <datafield tag="859" ind1=" " ind2=" ">
   <subfield code="a">AR-BaUNS</subfield>
   <subfield code="b">BIB. CENTRAL - Sector A</subfield>
   <subfield code="h">591.5</subfield>
   <subfield code="i">Sa58</subfield>
   <subfield code="p">129159/025</subfield>
   <subfield code="t">Ej.2</subfield>
  </datafield>
 </record>
</collection>
